000 00442nam a2200181Ia 4500
008 090124s9999 xx 000 0 und d
082 _b32416
_a2240
100 _aवसेकर पवन
245 _a जलतरण
250 _a1
260 _c2002
300 _a48
600 _aवसेकर पवन
630 _a जलतरण
700 _aवसेकर पवन
730 _a जलतरण
942 _cBOOK
999 _c145895
_d145895